000
00225 a2200109 4500
020
_a
978-0-545-40388-7
041
_a
spa
100
_a
satin capucilli, alyssa
245
_a
bizcocho sale a pasear
942
_c
BK
952
_7
1
999
_c
18133
_d
18133